000 00665nam a2200229Ia 4500
003 GCL
008 140319s9999 xx 000 0 ara d
040 _aGCL /
_cGCL
082 0 4 _aد
_b050
_bا ش
100 1 _aشركة الشاهد للنشر
245 1 0 _aالشاهد /
_cشركة الشاهد للنشر
260 _a[S.N] :
_bشركة الشاهد للنشر
300 _a130
490 _aالمؤلفات الاساسية فى التحليل النفسى
_v0
650 0 4 _aالطب
650 0 4 _aالمسرح
650 0 4 _aالسياسة
650 0 4 _aالاجتماع
650 0 4 _aالفنون
650 0 4 _aالسينما
942 _2ddc
_cCF
999 _c27052
_d27052